000 00762nam a2200229 a 4500
999 _c7579
_d7579
003 BD-JhCC
005 20181006124754.0
008 180211s2000 bg |||| |||| 000 0 ben d
020 _a9844041275
035 _a(BD-JhCC)
040 _aBD-JhCC
_dBD-JhCC
041 _aben
082 _a894.448
_bPAY 2000
100 _aPayne, Robert
245 _aসেই দুঃসময় :
_bThe Tortured and the Damned / Robert Payne
_c Robert Payne ভাষান্তর : সিদ্দিকুর রহমান,
260 _aঢাকা :
_bঅনুপম প্রকাশনী,
_c2000.
300 _a271 p. :
_c22 cm.
650 _aBengali Novel
700 _aরহমান, সিদ্দিকুর
942 _2ddc
_cBK